Topological Map of the Districts of Portugal - Statistics

General Stats
  • This quiz has been taken 37 times
  • The average score is 12 of 18
Answers on the Map
Answers color-coded by a green-red scale on the quiz's map according to % correct below.
 
Answer Stats
Answer % Correct
Lisbon
86%
Beja
82%
Évora
82%
Faro
82%
Setúbal
77%
Aveiro
73%
Porto
73%
Santarém
73%
Braga
68%
Leiria
68%
Portalegre
68%
Viana do Castelo
68%
Coimbra
64%
Vila Real
59%
Bragança
55%
Castelo Branco
55%
Viseu
55%
Guarda
50%
No matching quizzes found
Score Distribution
Percent of People with Each Score
Percentile by Number Answered
Your Score History
You have not taken this quiz